BIBLIOTECA

SENCICO

El color en el espacio interior / (Registro nro. 4567)

Detalles MARC
000 -LEADER
fixed length control field 01481nam a22003137a 4500
003 - CONTROL NUMBER IDENTIFIER
control field PE SENCICO BE
005 - DATE AND TIME OF LATEST TRANSACTION
control field 20251020182652.0
008 - FIXED-LENGTH DATA ELEMENTS--GENERAL INFORMATION
fixed length control field 240213b |||||||| |||| 00| 0 eng d
040 ## - CATALOGING SOURCE
Original cataloging agency PE SENCICO BE
Transcribing agency PE SENCICO BE
041 ## - LANGUAGE CODE
Language code of text/sound track or separate title spa
084 ## - OTHER CLASSIFICATION NUMBER
Classification number I
-- DIS
-- 2012
Item number M39
100 1# - MAIN ENTRY--PERSONAL NAME
9 (RLIN) 1955
Personal name Mejía Pretell, César Rolando
Relator term autor
245 1# - TITLE STATEMENT
Title El color en el espacio interior /
Statement of responsibility, etc. César Orlando Mejía Pretell
246 ## - VARYING FORM OF TITLE
Title proper/short title Aplicación de color en diseño interior de espacios de dormitorios: bebé, niño adolescente y adulto
260 ## - PUBLICATION, DISTRIBUTION, ETC.
Place of publication, distribution, etc. Lima :
Date of publication, distribution, etc. 2012
300 ## - PHYSICAL DESCRIPTION
Extent 2 v. :
Other physical details il. col., gráf., plans.;
Dimensions 30 x 40 cm.
500 ## - GENERAL NOTE
General note Texto en dos volúmenes. El volumen 2 contiene planos (30 x 40 cm.).
502 ## - DISSERTATION NOTE
Dissertation note Monografía de Titulación.-- Servicio Nacional de Capacitación para la Industria de la Construcción. Escuela Superior Técnica. Carrera Profesional Técnica en Diseño de Interiores, 2012
505 0# - FORMATTED CONTENTS NOTE
Formatted contents note v. 1: El color en el espacio interior -- v. 2: Aplicación de color en diseño interior de espacios de dormitorios: bebé, niño adolescente y adulto
650 10 - SUBJECT ADDED ENTRY--TOPICAL TERM
9 (RLIN) 44
Topical term or geographic name entry element Diseño de interiores
650 20 - SUBJECT ADDED ENTRY--TOPICAL TERM
9 (RLIN) 1793
Topical term or geographic name entry element Color en el diseño
650 20 - SUBJECT ADDED ENTRY--TOPICAL TERM
9 (RLIN) 199
Topical term or geographic name entry element Distribución de espacios (viviendas)
650 20 - SUBJECT ADDED ENTRY--TOPICAL TERM
9 (RLIN) 615
Topical term or geographic name entry element Planos
650 20 - SUBJECT ADDED ENTRY--TOPICAL TERM
9 (RLIN) 1048
Topical term or geographic name entry element Dormitorios
650 20 - SUBJECT ADDED ENTRY--TOPICAL TERM
9 (RLIN) 615
Topical term or geographic name entry element Planos
710 1# - ADDED ENTRY--CORPORATE NAME
Corporate name or jurisdiction name as entry element Servicio Nacional de Capacitación para la Industria de la Construcción.
Subordinate unit Escuela Superior Técnica
9 (RLIN) 1065
910 ## - USER-OPTION DATA (OCLC)
-- hfp
-- hfp
942 ## - ADDED ENTRY ELEMENTS (KOHA)
Koha item type Monografía de Titulación
Source of classification or shelving scheme Dewey Decimal Classification
Existencias
Fecha de la última vez que lo usaron Número de ingreso o de inventario Pago total Signatura topográfica completa Código de barras Precio efectivo desde Tipo de documento Estado perdido Estado dañado No es para préstamo Retirado Ubicación permanente Ubicación actual Fecha de adquisición
13/02/2024 I-00429   I/DIS/2012/M39/v. 2 BibLima24020065 13/02/2024 Monografía de Titulación         Biblioteca Central Lima Biblioteca Central Lima 13/02/2024
21/02/2024 I-00469   I/DIS/2012/M39/v. 1 BibLima24020259 21/02/2024 Monografía de Titulación         Biblioteca Central Lima Biblioteca Central Lima 21/02/2024